[Event "Llinars del Valles op-B 12th"]
[Site "Llinars del Valles"]
[Date "2018.04.14"]
[Round "1.21"]
[White "Garcia Silvan, Lara"]
[Black "Salinas Tomas, Daniel"]
[Result "0-1"]
[WhiteElo "1149"]
[BlackElo "1524"]
[PlyCount "114"]
[EventDate "2018.04.14"]
[EventType "swiss"]
[EventRounds "8"]
[EventCountry "ESP"]
[SourceTitle "CBM 184 Extra"]
[Source "ChessBase"]
[SourceDate "2018.06.28"]
[SourceVersion "1"]
[SourceVersionDate "2018.06.28"]
[SourceQuality "1"]

1. c4 e5 2. Nc3 Nf6 3. g3 d5 4. cxd5 Nxd5 5. Bg2 Nb6 6. Nf3 Nc6 7. 0-0 Be7 8. d3 0-0 9. Be3 Re8 10. d4 Nc4 11. b3 Nxe3 12. fxe3 exd4 13. exd4 Bf6 14. Ne5 Nxd4 15. Nf3 Nxf3+ 16. Rxf3 Qxd1+ 17. Rxd1 Bg4 18. Rf4 Bxe2 19. Nxe2 Rxe2 20. Bxb7 Rae8 21. Rc1 Bg5 22. Rcc4 Bxf4 23. gxf4 Rxa2 24. Kf1 Rxh2 25. Rxc7 Rb2 26. Bd5 Rd8 27. Rxa7 h6 28. Bxf7+ Kf8 29. Ke1 Rdd2 30. Bc4 Rdc2 31. Kd1 Rg2 32. Kc1 Rbf2 33. Rd7 Rg1+ 34. Rd1 Rxd1+ 35. Kxd1 Rxf4 36. Ke2 Ke7 37. Kd3 Kd6 38. Kc3 Kc5 39. Kd3 g5 40. Ke3 Rxc4 41. bxc4 Kxc4 42. Kf3 h5 43. Kg3 Kd4 44. Kf3 Kd3 45. Kg3 Ke3 46. Kh3 Kf3 47. Kh2 g4 48. Kg1 h4 49. Kf1 g3 50. Kg1 g2 51. Kh2 Kf2 52. Kh3 g1Q 53. Kxh4 Kf3 54. Kh5 Kf4 55. Kh6 Kf5 56. Kh7 Kf6 57. Kh8 Qg7# 0-1